Vista normal Vista MARC

Problemas de Aprendizaje Todo lo Que Deben Saber Padres y Maestros / Soluciones Efectivas Para Enfrentar Problemas o Discapacidades de su Hijo en Edad Escolar / (Registro nro. 1889)

Detalles MARC
000 -Cabecera (24)
Campo de control interno 01698nam a22003017a 4500
001 - Número de control
Campo de control UTEA
005 - Fecha y hora de la
Campo de control 20241210162601.0
006 - Campos de control - información adicional
Campos de control g||||gr||||||01 nz
007 - Tipo material - Descripcion fisica - info general
Tipo material ta
008 - Códigos de longitud fija (40p)
Campo de control de longitud fija 170702b per||||| |||| 00| 0 esp d
020 ## - INTERNATIONAL STANDARD BOOK NUMBER
ISBN 9786124532054
040 ## - Origen de la Catalogacion
Centro catalogador/agencia de origen UTEA
041 ## - Código de idioma (R)
Código de lengua del texto/banda sonora o título independiente (R) Es
044 ## - COUNTRY OF PUBLISHING/PRODUCING ENTITY CODE
MARC country code PER
082 ## - Número de la Clasificación
Número de la Clasificación 370.15
Notación Interna S71 2009
100 ## - Autor Personal
Autor Personal Soto Pasco, Rogelio
Término indicativo de función (R) Autor
Títulos y otros términos asociados al nombre (R) Comunicador Social
245 ## - Titulo
Titulo Problemas de Aprendizaje Todo lo Que Deben Saber Padres y Maestros / Soluciones Efectivas Para Enfrentar Problemas o Discapacidades de su Hijo en Edad Escolar /
Mención del autor Rogelio Soto Pasco
Medio físico [Impreso]
250 ## - Mencion de edicion
Mencion de edicion 1ra edición
260 ## - Editorial
Ciudad Lima - Perú
Nombre de la Editorial Nóstica Editorial E.I.R.L.
Fecha 2009
300 ## - Descripcion
Páginas 127 páginas.
Dimensiones 14 x 21 cm.
Otros detalles físicos Figuras,. 01 Ejemplar Andahuaylas, 01 Ejemplar Abancay
505 ## - Nota de contenido formateada
Nota de contenido formateada Índice del Libro] Introducción. -- Problemas de aprendizajes -- ¿Cómo entender los problemas de aprendizaje?. -- Trastornos en la articulación de las palabras. -- Problemas en el aprendizaje de la lectura y escritura. -- Problemas motrices. -- Problemas en el aprendizaje matemático. -- El papel de la conducta en el aprendizaje. --<br/> Reconocimiento de trastorno en el aprendizaje -- Otros trastornos de los niños (Hiperactividad, síndrome de Down, autismo). -- Problemas de aprendizaje en niños de inteligencia normal
520 ## - Resumen
Resumen Este libro trata de los problemas de aprendizaje para enfrentar problemas o discapacidad delos niños.
650 #0 - Temas - Descriptores
Temas - Descriptores PROBLEMAS DE APRENDIZAJE
9 (RLIN) 5626
650 #0 - Temas - Descriptores
Temas - Descriptores RECONOCIMIENTO DE TRASTORNOS EN EL APRENDIZAJE
9 (RLIN) 23408
650 #0 - Temas - Descriptores
Temas - Descriptores OTROS TRASTORNOS EN LOS NIÑOS
9 (RLIN) 8490
653 ## - Palabras Claves
Palabras Claves EDUCACIÓN
-- APRENDIZAJE
-- DISCAPACIDAD
942 ## - Datos personalizados Koha
Esquema de Clasificacion Dewey Decimal Classification
Tipo de Documento Libros
Fecha procesamiento 2024-02-06
Existencias
Estado de retiro Estado de pérdida Fuente de Clasificacion Estado No para préstamo Escuela Profesional/ Mención de Maestría Localización permanente Ubicación/localización actual Ubicación en estantería Fuente de adquisición Precio dolares Signatura topográfica completa Código de barras Coste, precio de reemplazo Precio válido a partir de Tipo de ítem Koha
    Dewey Decimal Classification     E.P. Educación Biblio. Andahuaylas UTEA Biblio. Andahuaylas UTEA   Compra 2018-02-19 370.15 S71 2009 BAND18020920 35.00 02/19/2018 Libros
    Dewey Decimal Classification     E.P. Educación Biblioteca Abancay UTEA Biblioteca Abancay UTEA Área de Letras y Humanidades (primer Piso) Compra 2017-07-02 370.15 S71 2009 BABA17070008 35.00 07/02/2017 Libros